000 00546nam a2200181Ia 4500
005 20250508162803.0
008 008 250505s9999 xx 000 0 eng d
037 _aTextual
040 _aFEDL
_beng
_cFEDL
041 _aeng
_2eng
084 _a371.89, GAN
_qFEDL
100 _aGandhi Anjali
_9774049
245 0 _aSchool social work : The emerging models of practice in India
260 _aNew Delhi, India
_bCommonewalth Publishers
_c1990
300 _axii,248p.
942 _cTEXL
_h371.89, GAN
999 _c1378688
_d1378688